Inspekce srdce /

Hlavní autor: Soukup, Petr, 1987-
Jazyk: Čeština
Vydáno: [Praha] : Petr Soukup, [2019]
Vydání: První vydání
Témata:
Fyzický popis: 283 stran ; 20 cm
Knihy
Uloženo v:
LEADER 01349nam a2200433 i 4500
001 nkc20223393482
003 CZ PrNK
005 20220404133010.0
007 ta
008 220128t20192019xr e 000 p cze
015 |a cnb003393482 
020 |a 978-80-11-01240-3  |q (v knize neuvedeno ;  |q brožováno) 
035 |a (OCoLC)1310113243 
040 |a BOA001  |b cze  |e rda 
072 7 |a 821.162.3-1  |x Česká poezie  |2 Konspekt  |9 25 
080 |a 821.162.3-1  |2 MRF 
080 |a (0:82-993)  |2 MRF 
080 |a (047.6)  |2 MRF 
100 1 |a Soukup, Petr,  |d 1987-  |7 pna2007383998  |4 aut 
245 1 0 |a Inspekce srdce /  |c Petr Soukup 
250 |a První vydání 
264 1 |a [Praha] :  |b Petr Soukup,  |c [2019] 
264 4 |c ©2019 
300 |a 283 stran ;  |c 20 cm 
336 |a text  |b txt  |2 rdacontent 
337 |a bez média  |b n  |2 rdamedia 
338 |a svazek  |b nc  |2 rdacarrier 
504 |a Obsahuje bibliografii 
655 7 |a česká poezie  |7 fd133958  |2 czenas 
655 7 |a erotická poezie  |7 fd203937  |2 czenas 
655 7 |a glosy  |7 fd185941  |2 czenas 
655 9 |a Czech poetry  |2 eczenas 
655 9 |a erotic poetry  |2 eczenas 
655 9 |a glosses  |2 eczenas 
910 2 |a BOA001  |b 1-1482.283 
990 |a BK 
995 |a 01 
991 |b 202203  |c NOV 
996 6 |b 2610893565  |c 1-1482.283  |l MZK  |r Sklad / do 1 hodiny  |n 0  |p p.v.  |w 001877494  |u 000010  |a 1  |e BOA001  |j MZK50  |s P